<?xml version="1.0" encoding="UTF-8"?><?xml-stylesheet type="text/xsl" href="static/style.xsl"?><OAI-PMH xmlns="http://www.openarchives.org/OAI/2.0/" xmlns:xsi="http://www.w3.org/2001/XMLSchema-instance" xsi:schemaLocation="http://www.openarchives.org/OAI/2.0/ http://www.openarchives.org/OAI/2.0/OAI-PMH.xsd"><responseDate>2026-04-13T13:24:20Z</responseDate><request verb="GetRecord" identifier="oai:www.recercat.cat:10459.1/48685" metadataPrefix="marc">https://recercat.cat/oai/request</request><GetRecord><record><header><identifier>oai:recercat.cat:10459.1/48685</identifier><datestamp>2024-12-05T23:09:01Z</datestamp><setSpec>com_2072_3622</setSpec><setSpec>col_2072_478537</setSpec></header><metadata><record xmlns="http://www.loc.gov/MARC21/slim" xmlns:dcterms="http://purl.org/dc/terms/" xmlns:xsi="http://www.w3.org/2001/XMLSchema-instance" xmlns:doc="http://www.lyncode.com/xoai" xsi:schemaLocation="http://www.loc.gov/MARC21/slim http://www.loc.gov/standards/marcxml/schema/MARC21slim.xsd">
   <leader>00925njm 22002777a 4500</leader>
   <datafield ind2=" " ind1=" " tag="042">
      <subfield code="a">dc</subfield>
   </datafield>
   <datafield ind2=" " ind1=" " tag="720">
      <subfield code="a">Iglesias Gómez, Estefanía</subfield>
      <subfield code="e">author</subfield>
   </datafield>
   <datafield ind2=" " ind1=" " tag="260">
      <subfield code="c">2015-09-08T10:54:49Z</subfield>
   </datafield>
   <datafield ind2=" " ind1=" " tag="260">
      <subfield code="c">2015-09-08T10:54:49Z</subfield>
   </datafield>
   <datafield ind2=" " ind1=" " tag="260">
      <subfield code="c">2015</subfield>
   </datafield>
   <datafield ind2=" " ind1=" " tag="520">
      <subfield code="a">La alimentación es el factor extrínseco más determinante en el crecimiento y desarrollo infantil, por lo que la edad escolar se torna una etapa vulnerable para garantizar un buen estado nutricional.&#xd;
OBJETIVOS: &#xd;
El objetivo de este estudio ha sido  valorar cualitativamente el cumplimiento de las recomendaciones que aportan las guías alimentarias, sobre los centros escolares que disponen de servicio de comedor. Además se identificó la frecuencia de consumo de los alimentos ofertados en los menús, así como se valoró la adecuación e información que proporcionan las plantillas de planificación de las comidas de las escuelas.&#xd;
MATERIAL Y MÉTODOS: &#xd;
Se realizó un estudio descriptivo de los menús escolares ofertados en un total de 74 escuelas de la provincia de Lleida, a los alumnos (3-16 años) que realizan la comida en el centro escolar. Se valoró la información aportada directamente por el propio colegio o bien obtenida desde sus webs, para luego valorarse por guías de referencia.&#xd;
RESULTADOS: &#xd;
La dieta suministrada en los comedores presenta, en general, un gran aporte de proteínas, sobretodo en carnes y sus procesados; que en algunos casos sobrepasa las recomendaciones. Se ha constatado que hay ciertos grupos de alimentos que se debiera revisar la frecuencia indicada, al no llegar en algunos casos a cumplirse, así mismo el origen de ciertos productos (precocinados, procesados de pescado).&#xd;
CONCLUSIONES: &#xd;
Existe una elevada frecuencia de consumo de proteína animal, carne y derivados; por lo que hay grupos de alimentos (legumbres, arroz, huevos y pescados) que se ven mermados en las planificaciones.</subfield>
   </datafield>
   <datafield ind1="8" ind2=" " tag="024">
      <subfield code="a">http://hdl.handle.net/10459.1/48685</subfield>
   </datafield>
   <datafield tag="653" ind2=" " ind1=" ">
      <subfield code="a">Comedor escolar</subfield>
   </datafield>
   <datafield tag="653" ind2=" " ind1=" ">
      <subfield code="a">Menú escolar</subfield>
   </datafield>
   <datafield tag="653" ind2=" " ind1=" ">
      <subfield code="a">Hábitos alimentarios</subfield>
   </datafield>
   <datafield tag="653" ind2=" " ind1=" ">
      <subfield code="a">Menjadors escolars</subfield>
   </datafield>
   <datafield tag="653" ind2=" " ind1=" ">
      <subfield code="a">Hàbits alimentaris</subfield>
   </datafield>
   <datafield tag="653" ind2=" " ind1=" ">
      <subfield code="a">Nutrició--Ensenyament</subfield>
   </datafield>
   <datafield ind2="0" ind1="0" tag="245">
      <subfield code="a">Estudio cualitativo de los menús escolares de la provincia de Lleida</subfield>
   </datafield>
</record></metadata></record></GetRecord></OAI-PMH>